| 000 | 00763nam a2200265Ia 4500 | ||
|---|---|---|---|
| 005 | 20250425162033.0 | ||
| 008 | 250425s9999 xx 000 0 und d | ||
| 041 | _aspa | ||
| 082 | _a658 | ||
| 100 | _aARKADER, REBECCA EDITOR | ||
| 245 | 0 | _aDESIGNING THE 21 ST CENTURY LATIN AMERICAN ORGANIZATION | |
| 250 | _a1A ED. | ||
| 260 |
_aEstados Unidos _bBUSINESS ASSOCIATION OF LATIN AMERICAN STUDIES _c2001 |
||
| 260 | _aS.L. | ||
| 300 | _a58 | ||
| 500 | _aREBECCA ARKADER; DENISE DIMON; JOAN B. ANDERSON (EDITORES) | ||
| 650 | _aBANCOS | ||
| 650 | _aCOMERCIALIZACION | ||
| 650 | _aCOMPETITIVIDAD | ||
| 650 | _aESTUDIOS DE CASOS | ||
| 650 | _aMERCADO | ||
| 710 | _aBUSINESS ASSOCIATION OF LATIN AMERICAN STUDIES | ||
| 942 | _c01 | ||
| 010 | _a41830 | ||
| 999 |
_c221096 _d221096 |
||